Govt. of
Madhya Pradesh

ArchivoL̜ibrary Materials (Record no. 13489)

MARC details
000 -LEADER
fixed length control field 004050000a22001570004500
001 - CONTROL NUMBER
control field 001569
003 - CONTROL NUMBER IDENTIFIER
control field MACL
040 ## - CATALOGING SOURCE
Original cataloging agency MACL
090 ## - LOCALLY ASSIGNED LC-TYPE CALL NUMBER (OCLC); LOCAL CALL NUMBER (RLIN)
-- 13562
-- 13561
100 ## - MAIN ENTRY--PERSONAL NAME
Personal name Prajapati, C.L
245 ## - TITLE STATEMENT
Title ArchivoL̜ibrary Materials
Remainder of title Their Enemies And Need Of First Phase Conservation
Statement of responsibility, etc. C.L Prajapati
260 ## - PUBLICATION, DISTRIBUTION, ETC. (IMPRINT)
Place of publication, distribution, etc. Mittal Publications,
Date of publication, distribution, etc. 1997
350 ## - PRICE (NR) (BK AM CF MU VM SE) [OBSOLETE]
Price 375
650 ## - SUBJECT ADDED ENTRY--TOPICAL TERM
Topical term or geographic name as entry element Library Operations
942 ## - ADDED ENTRY ELEMENTS (KOHA)
Call number prefix 26
Koha item type Library Membar
Holdings
Withdrawn status Lost status Source of classification or shelving scheme Damaged status Not for loan Home library Current library Date acquired Cost, normal purchase price Total Checkouts Full call number Barcode Date last seen Uniform Resource Identifier Price effective from Koha item type
          MACL MACL 15/04/2015 375.00   025.7 PRA CRE010853 02/05/2024 13364 15/04/2015 Books